000 00677nam a22002417a 4500
999 _c33220
_d33220
001 2275
003 CO-MdFUSB
005 20170822092905.0
008 170822t1971 xxu||||| |||| 00| 0 eng d
020 _a0-8024-2005-2
040 _aCO-MdFUSB
_bspa
_cCO-MdFUSB
_dCO-MdFUSBC
_erda
041 0 _aeng
082 0 4 _aG 222.15 S3871d
100 1 _aSchultz, Samuel J.
_eautor
245 1 0 _aDeuteronomy
_b: The gospel of love
_c/ Samuel J. Scultz
264 4 _aChicago, USA :
_bMoody,
_c©1971
300 _a127 Pag
336 _2rdacontent
_a1
_ba1
337 _2rdamedia
_a2
_b5
338 _2rdacarrier
_a2
_b5
653 _aBiblia A.T. - Deuteronomio - Comentarios
942 _cBK